| LEADER | 00863nam a2200205 4500 | ||
|---|---|---|---|
| 082 | |a 802.83 | ||
| 100 | |a Vũ Ngọc Phan dịch | ||
| 245 | |a Bốn câu chuyện tình hay nhất thế giới |c Vũ Ngọc Phan dịch,.. | ||
| 260 | |a H. |b Thanh niên |c 2007 | ||
| 300 | |a 606 tr. |c 21 cm | ||
| 500 | |a Nội dung: Truyện Tristan và Y dơ/Joseph Bedier. Rômeô và Juliet/William shakespeare. Paul và Virginie/ Bernadin de Saint Pierre. Nỗi đau của chàng Vecte/Johann Wohann Wolfgang von Goethe. | ||
| 520 | |a ... | ||
| 653 | |a Văn học | ||
| 653 | |a Thế giới | ||
| 653 | |a Truyện cổ | ||
| 653 | |a Kịch | ||
| 653 | |a Tiểu thuyết | ||
| 942 | |2 ddc |c SH | ||
| 999 | |c 4246 |d 4246 | ||
| 952 | |0 0 |1 0 |2 ddc |4 0 |6 802_830000000000000 |7 0 |8 800 |9 42721 |a qbu |b qbu |c D5 |d 2014-12-19 |g 72000 |l 1 |o 802.83 |p 461.C1 |r 2015-04-03 |s 2015-03-27 |w 2014-12-19 |y SH |0 0 |6 802_830000000000000 | ||